| 000 | 00440nam a22001577a 4500 | ||
|---|---|---|---|
| 008 | 250617b |||||||| |||| 00| 0 eng d | ||
| 020 | _a9789353503031 | ||
| 050 |
_aS 675.3 _b.H 47 |
||
| 100 | _aHerren V. Ray | ||
| 245 | _aAgriculture Mechanics Fundamentals And Applications | ||
| 250 | _a7th | ||
| 260 |
_aIndia _bCengage Learning India Private Limited _c2020 |
||
| 300 | _a862p | ||
| 650 | _aAgricultural Mechanics | ||
| 942 | _cBK | ||
| 999 |
_c3866 _d3866 |
||